| 000 | 00612cam a22002411 4500 | ||
|---|---|---|---|
| 001 | sa 65000597 | ||
| 003 | DLC | ||
| 005 | 20260227112104.0 | ||
| 008 | 940603s1963 ii a 000 0 beno | ||
| 010 | _asa 65000597 | ||
| 025 | _aPL480:EP-B-384 | ||
| 035 | _a(OCoLC)30540927 | ||
| 040 |
_aDLC _cCU _dCU _dDLC |
||
| 042 | _apremarc | ||
| 050 | 0 | 0 |
_aBP161.2 _b.R28 |
| 100 | 1 | _aRahman, A. B. M. Shafiqur. | |
| 245 | 1 | 0 | _aSirājum munīra. |
| 260 | _c[1963] | ||
| 300 |
_a16, 554 p. _bill. _c19 cm. |
||
| 500 | _aIn Bengali. | ||
| 650 | 0 |
_aIslam _vHandbooks, manuals, etc. |
|
| 740 | 0 | _aMakasudul Muslimīna. | |
| 999 |
_c61635 _d61635 |
||